La enseñanza, la reflexión y la investigación filosóficas en América Latina y el Caribe / W. Betancourt Delgado, et. al.
Zapisane w:
| Format: | Książka |
|---|---|
| Język: | Undetermined |
| Wydane: |
Madrid, España
Editorial Tecnos
1990
|
| Hasła przedmiotowe: | |
| Etykiety: |
Dodaj etykietę
Nie ma etykietki, Dołącz pierwszą etykiete!
|
MARC
| LEADER | 00000nam a2200000Ia 4500 | ||
|---|---|---|---|
| 008 | 170316s9999 xx 000 0 und d | ||
| 090 | |a 100 E-14.1e | ||
| 245 | |a La enseñanza, la reflexión y la investigación filosóficas en América Latina y el Caribe / W. Betancourt Delgado, et. al. | ||
| 260 | |a Madrid, España | ||
| 260 | |b Editorial Tecnos | ||
| 260 | |c 1990 | ||
| 300 | |a 247 páginas | ||
| 650 | |a FILOSOFÍA | ||
| 650 | |a ENSAYOS | ||
| 650 | |a LA ENSEÑANZA - AMÉRICA LATINA Y EL CARIBE | ||
| 650 | |a LA REFLEXIÓN - AMÉRICA LATINA Y EL CARIBE | ||
| 650 | |a LA INVESTIGACIÓN - AMÉRICA LATINA Y EL CARIBE | ||
| 999 | |c 16099 |d 16099 | ||
| 040 | |a cru BVZT | ||
| 942 | |c 15 D |h 100 E-14.1e |2 z | ||
